000 00726nam a22002297a 4500
942 _cBK
999 _c622
_d622
005 20250420134818.0
008 200813b ||||| |||| 00| 0 eng d
020 _a9781873186121
040 _aKCST
_cKCST
082 _a658.1511
_bMi Fu
100 _aMills, R. W. (Roger W.)
_d1951-
_95104
245 _aFundamentals of managerial accounting and finance /
_cRoger W Mills, John Robertson, Carole F Print, Sean A Rowbotham
250 _a4th edition
260 _aLechlade :
_bMars Business Associates,
_c1999.
300 _a440 p.
650 _aManagerial accounting.
_95105
700 _aRobertson, John
_95106
700 _aPrint, Carole F.
_95107
700 _aRowbotham, Sean A
_95108
942 _2ddc